| 000 | 02166nam a2200361 a 4500 | ||
|---|---|---|---|
| 001 | 79086 | ||
| 003 | BD-RjUL | ||
| 005 | 20211229113752.0 | ||
| 008 | 040119s2000 ku 000 0 ara d | ||
| 035 | _a(BD-RjUL)79086 | ||
| 040 |
_aBIC _beng _cBD-RjUL |
||
| 041 | _aara | ||
| 082 |
_223 _a297.14 _bMAH 2000 |
||
| 090 | _a213.22 مرص | ||
| 100 | 1 |
_aAl-Marsafi, Saad ;; المرصفي، سعد _9425 |
|
| 245 | 1 | 0 |
_aحقيقة المشبهات في حديث الحلال بين والحرام بين وبينهما مشبهات ;; haqiqat al mushabihat fi hadith al halal bayn wa lharam bayn wa baynahuma mushabihat : _bوموقف المسلم منها ;; wa mawqif al muslim minha / _cسعد المرصفي ;; Saad Al-Marsafi. |
| 260 |
_aالكويت ;; Kuwait : _bمكتبة المنار الاسلامية، ;; maktabat al manar al Iaslamiati, _c1421 هجري[2000]. |
||
| 300 |
_a237 ص ; _c24 سم. |
||
| 504 | _aببليوغرافية: ص 213-230 | ||
| 504 | _aBibliography: p. 213-230 | ||
| 650 | 7 |
_aالحديث الشريف _xشرح حديث الحلال بين والحرام بين _2BIC _9426 |
|
| 650 | 7 |
_aReligious life _xIslam. _9436 |
|
| 650 | 7 |
_aal hadith al sharif _xsharh hadith al halal bayn wal haram bayn _9427 |
|
| 650 | 7 |
_aفوائد البنوك، أحكام اباحة (فقه اسلامي) _2BIC _9428 |
|
| 650 | 7 |
_afawayid albunuka, 'ahkam abaha (fiqah aslami) _9429 |
|
| 650 | 7 |
_aفوائد البنوك، رد أحكام اباحة (فقه اسلامي) _2BIC _9430 |
|
| 650 | 7 |
_afawayid albunuki, radu 'ahkam abaha (fiqah aslami _9431 |
|
| 650 | 7 |
_aفوائد البنوك، رد أحكام اباحة (قرارات مجمع الفقه الاسلامي) _2BIC _9432 |
|
| 650 | 7 |
_aفوائد البنوك، رد أحكام اباحة (قرار المؤتمر الاسلامي الثاني لمجمع البحوث الاسلامية بالقاهرة، 1965) _2BIC _9433 |
|
| 650 | 7 |
_aawayid albunuki, rada 'ahkam abaha (qarar almutamar alaslamii althaani limajmae albuhuth alaslamiat bialqahirati, 1965) _9434 |
|
| 830 | 0 |
_aدفاع عن الحديث النبوي ; difae ean al hadith al nabawii ; _v17 _9435 |
|
| 942 |
_2ddc _cBK |
||
| 999 |
_c79086 _d79086 |
||